[Event "Team Championship Russia (Blitz, Men)"]
[Site "Sochi"]
[Date "2018.10.10"]
[Round "6.21"]
[White "Rakhmanov, Aleksandr"]
[Black "Triapishko, Alexandr"]
[Result "1/2-1/2"]
[BlackElo "2560"]
[WhiteElo "2578"]
[LiveChessVersion "1.4.8"]

1. c4 {[%clk 0:03:03]} b6 {[%clk 0:02:55]} 2. Nc3 {[%clk 0:03:03]} Bb7
{[%clk 0:02:56]} 3. d4 {[%clk 0:03:04]} e6 {[%clk 0:02:54]} 4. e3
{[%clk 0:03:05]} f5 {[%clk 0:02:41]} 5. d5 {[%clk 0:03:01]} Na6 {[%clk 0:02:26]}
6. g3 {[%clk 0:02:54]} Nf6 {[%clk 0:02:08]} 7. Bg2 {[%clk 0:02:55]} g6
{[%clk 0:01:56]} 8. Nge2 {[%clk 0:02:56]} Bg7 {[%clk 0:01:57]} 9. O-O
{[%clk 0:02:56]} O-O {[%clk 0:01:54]} 10. b3 {[%clk 0:02:57]} Nc5
{[%clk 0:01:39]} 11. Ba3 {[%clk 0:02:52]} a5 {[%clk 0:01:09]} 12. Bxc5
{[%clk 0:02:51]} bxc5 {[%clk 0:01:10]} 13. dxe6 {[%clk 0:02:52]} Bxg2
{[%clk 0:01:10]} 14. Kxg2 {[%clk 0:02:53]} dxe6 {[%clk 0:00:57]} 15. Qxd8
{[%clk 0:02:53]} Rfxd8 {[%clk 0:00:58]} 16. Rad1 {[%clk 0:02:54]} Kf7
{[%clk 0:00:43]} 17. Na4 {[%clk 0:02:39]} Bf8 {[%clk 0:00:36]} 18. Nf4
{[%clk 0:02:34]} Nd7 {[%clk 0:00:18]} 19. Rfe1 {[%clk 0:02:22]} Nb6
{[%clk 0:00:15]} 20. e4 {[%clk 0:02:12]} Nxa4 {[%clk 0:00:14]} 21. bxa4
{[%clk 0:02:13]} Rd4 {[%clk 0:00:12]} 22. exf5 {[%clk 0:02:10]} exf5
{[%clk 0:00:10]} 23. Rxd4 {[%clk 0:01:58]} cxd4 24. Nd3 {[%clk 0:01:51]} Rb8
{[%clk 0:00:08]} 25. Ne5+ {[%clk 0:01:48]} Kg7 {[%clk 0:00:08]} 26. Nd3
{[%clk 0:01:49]} Kf6 {[%clk 0:00:06]} 27. Re5 {[%clk 0:01:43]} c5
{[%clk 0:00:05]} 28. Re1 {[%clk 0:01:34]} Bd6 {[%clk 0:00:05]} 29. Kf1
{[%clk 0:01:34]} g5 {[%clk 0:00:06]} 30. Kg2 {[%clk 0:01:31]} h5 {[%clk 0:00:07]}
31. h3 {[%clk 0:01:32]} g4 {[%clk 0:00:05]} 32. hxg4 {[%clk 0:01:33]} hxg4
{[%clk 0:00:07]} 33. Rh1 {[%clk 0:01:34]} Kg6 {[%clk 0:00:08]} 34. Re1
{[%clk 0:01:25]} Kf6 {[%clk 0:00:09]} 35. Rd1 {[%clk 0:01:26]} Kg6
{[%clk 0:00:07]} 36. Kf1 {[%clk 0:01:23]} Kf6 {[%clk 0:00:08]} 37. Ke2
{[%clk 0:01:24]} Re8+ {[%clk 0:00:06]} 38. Kd2 {[%clk 0:01:25]} f4
{[%clk 0:00:05]} 39. gxf4 {[%clk 0:01:23]} Kf5 {[%clk 0:00:05]} 40. Rb1
{[%clk 0:01:18]} Bxf4+ {[%clk 0:00:06]} 41. Kd1 {[%clk 0:01:19]} Ke4
{[%clk 0:00:06]} 42. Nxc5+ {[%clk 0:01:19]} Kf3 {[%clk 0:00:07]} 43. Nd3
{[%clk 0:01:18]} Rh8 {[%clk 0:00:05]} 44. Rb7 {[%clk 0:01:16]} Ke4
{[%clk 0:00:03]} 45. Kc2 {[%clk 0:01:11]} Bg5 {[%clk 0:00:03]} 46. Rg7
{[%clk 0:01:12]} Kf5 {[%clk 0:00:04]} 47. Rf7+ {[%clk 0:01:13]} Ke4
{[%clk 0:00:04]} 48. Rg7 {[%clk 0:01:11]} Kf5 {[%clk 0:00:05]} 49. Ra7
{[%clk 0:01:12]} Rh2 {[%clk 0:00:05]} 50. Rxa5+ {[%clk 0:01:13]} Kf6
{[%clk 0:00:06]} 51. Ra6+ {[%clk 0:01:03]} Kf5 {[%clk 0:00:07]} 52. Ra5+ Kf6 53.
Rb5 {[%clk 0:00:23]} g3 {[%clk 0:00:08]} 54. Rb1 {[%clk 0:00:24]} gxf2
{[%clk 0:00:06]} 55. Rf1 {[%clk 0:00:25]} Be3 {[%clk 0:00:06]} 56. a5
{[%clk 0:00:26]} Kf5 {[%clk 0:00:05]} 57. a6 {[%clk 0:00:24]} Rh6
{[%clk 0:00:07]} 58. Nxf2 {[%clk 0:00:19]} Bxf2 59. Rxf2+ {[%clk 0:00:20]} Ke4
{[%clk 0:00:06]} 60. a7 {[%clk 0:00:13]} Ra6 {[%clk 0:00:07]} 61. Rf7
{[%clk 0:00:13]} d3+ {[%clk 0:00:06]} 62. Kc3 {[%clk 0:00:12]} Ra3+
{[%clk 0:00:06]} 63. Kb2 {[%clk 0:00:11]} Ra6 {[%clk 0:00:05]} 64. Rd7
{[%clk 0:00:12]} Ke3 {[%clk 0:00:05]} 65. c5 {[%clk 0:00:10]} d2 {[%clk 0:00:06]}
66. c6 {[%clk 0:00:03]} Rxa7 {[%clk 0:00:07]} 67. Rd6 {[%clk 0:00:04]} Ke2
{[%clk 0:00:06]} 68. Re6+ {[%clk 0:00:04]} Kd3 {[%clk 0:00:07]} 69. Rd6+
{[%clk 0:00:05]} Ke2 {[%clk 0:00:08]} 70. Re6+ {[%clk 0:00:06]} Kd3
{[%clk 0:00:10]} 1/2-1/2

[Event "Team Championship Russia (Blitz, Men)"]
[Site "Sochi"]
[Date "2018.10.10"]
[Round "6.22"]
[White "Jary, Sergey"]
[Black "Rozum, Ivan"]
[Result "1/2-1/2"]
[BlackElo "2595"]
[WhiteElo "2305"]
[LiveChessVersion "1.4.8"]

1. d4 {[%clk 0:03:03]} Nf6 {[%clk 0:03:03]} 2. Nf3 {[%clk 0:03:04]} b6
{[%clk 0:03:03]} 3. g3 {[%clk 0:03:05]} Bb7 {[%clk 0:03:04]} 4. Bg2
{[%clk 0:03:07]} g6 {[%clk 0:03:05]} 5. O-O {[%clk 0:03:07]} Bg7 {[%clk 0:03:06]}
6. b3 {[%clk 0:03:09]} O-O {[%clk 0:03:07]} 7. Bb2 {[%clk 0:03:10]} d6
{[%clk 0:03:02]} 8. Nbd2 {[%clk 0:03:11]} Nbd7 {[%clk 0:03:01]} 9. c4
{[%clk 0:03:11]} e6 {[%clk 0:02:53]} 10. Re1 {[%clk 0:03:09]} c5 {[%clk 0:02:45]}
11. e3 {[%clk 0:03:03]} Qc7 {[%clk 0:02:42]} 12. Nh4 {[%clk 0:02:53]} Bxg2
{[%clk 0:02:41]} 13. Nxg2 {[%clk 0:02:53]} a6 {[%clk 0:02:38]} 14. Rc1
{[%clk 0:02:54]} Rfd8 {[%clk 0:02:32]} 15. Qf3 {[%clk 0:02:48]} Rac8
{[%clk 0:02:24]} 16. h4 {[%clk 0:02:42]} Qb8 {[%clk 0:02:25]} 17. Nf4
{[%clk 0:02:43]} b5 {[%clk 0:02:21]} 18. d5 {[%clk 0:02:23]} e5 {[%clk 0:02:17]}
19. Nd3 {[%clk 0:02:04]} Re8 {[%clk 0:01:48]} 20. e4 {[%clk 0:01:55]} Nb6
{[%clk 0:01:42]} 21. Bc3 {[%clk 0:01:45]} Qb7 {[%clk 0:01:38]} 22. Rb1
{[%clk 0:01:33]} Qe7 {[%clk 0:01:33]} 23. Kg2 {[%clk 0:01:27]} Rb8
{[%clk 0:01:28]} 24. Ba5 {[%clk 0:01:23]} Nbd7 {[%clk 0:01:24]} 25. Bc3
{[%clk 0:01:19]} Rf8 {[%clk 0:01:23]} 26. Nf1 {[%clk 0:01:17]} Nh5
{[%clk 0:01:05]} 27. g4 {[%clk 0:01:12]} Nf4+ {[%clk 0:00:56]} 28. Nxf4
{[%clk 0:01:11]} exf4 {[%clk 0:00:57]} 29. Bxg7 {[%clk 0:01:09]} Kxg7
{[%clk 0:00:58]} 30. Qxf4 {[%clk 0:01:09]} bxc4 {[%clk 0:00:57]} 31. bxc4
{[%clk 0:01:09]} Ne5 {[%clk 0:00:58]} 32. Qg3 {[%clk 0:00:39]} Nxc4
{[%clk 0:00:53]} 33. Qc3+ {[%clk 0:00:39]} Ne5 34. f4 1/2-1/2

[Event "Team Championship Russia (Blitz, Men)"]
[Site "Sochi"]
[Date "2018.10.10"]
[Round "6.23"]
[White "Moiseenko, Vadim"]
[Black "Papenin, Nikolai"]
[Result "0-1"]
[BlackElo "2337"]
[WhiteElo "2421"]
[LiveChessVersion "1.4.8"]

1. Nf3 {[%clk 0:03:03]} Nf6 2. b3 g6 {[%clk 0:03:04]} 3. Bb2 {[%clk 0:03:06]} Bg7
{[%clk 0:03:06]} 4. e3 {[%clk 0:03:07]} O-O {[%clk 0:03:06]} 5. d4
{[%clk 0:03:08]} d5 {[%clk 0:03:04]} 6. Be2 {[%clk 0:03:08]} c5 {[%clk 0:03:01]}
7. dxc5 {[%clk 0:03:09]} Nbd7 {[%clk 0:02:48]} 8. b4 {[%clk 0:03:02]} a5
{[%clk 0:02:49]} 9. a3 {[%clk 0:03:00]} Qc7 {[%clk 0:02:21]} 10. Nc3
{[%clk 0:02:51]} b6 {[%clk 0:01:36]} 11. Nb5 {[%clk 0:02:18]} Qb7
{[%clk 0:01:30]} 12. Bd4 {[%clk 0:02:08]} bxc5 {[%clk 0:01:26]} 13. bxc5
{[%clk 0:02:09]} Qc6 {[%clk 0:01:20]} 14. O-O {[%clk 0:02:09]} Re8
{[%clk 0:01:17]} 15. Ne5 {[%clk 0:02:00]} Nxe5 {[%clk 0:01:17]} 16. Bxe5
{[%clk 0:02:01]} Ne4 {[%clk 0:01:13]} 17. Bxg7 {[%clk 0:01:56]} Kxg7
{[%clk 0:01:14]} 18. c4 {[%clk 0:01:50]} dxc4 {[%clk 0:01:00]} 19. Bxc4
{[%clk 0:01:15]} Qxc5 {[%clk 0:00:54]} 20. Rc1 {[%clk 0:01:11]} Qe5
{[%clk 0:00:45]} 21. Nc7 {[%clk 0:00:35]} Qxc7 {[%clk 0:00:42]} 22. Bxf7
{[%clk 0:00:36]} Qd7 {[%clk 0:00:33]} 23. Bxe8 {[%clk 0:00:25]} Qxe8
{[%clk 0:00:33]} 24. Qd5 {[%clk 0:00:24]} Bf5 {[%clk 0:00:24]} 25. Rc7
{[%clk 0:00:25]} Nf6 {[%clk 0:00:20]} 26. Qe5 {[%clk 0:00:17]} Kf7
{[%clk 0:00:21]} 27. h3 {[%clk 0:00:15]} h5 {[%clk 0:00:22]} 28. Rfc1
{[%clk 0:00:16]} Rd8 {[%clk 0:00:23]} 29. Qxa5 {[%clk 0:00:16]} Be4
{[%clk 0:00:19]} 30. Qb4 {[%clk 0:00:11]} Rd5 {[%clk 0:00:20]} 31. a4
{[%clk 0:00:11]} Rg5 {[%clk 0:00:21]} 32. g3 {[%clk 0:00:11]} h4 {[%clk 0:00:22]}
33. g4 {[%clk 0:00:12]} Nxg4 {[%clk 0:00:22]} 34. hxg4 {[%clk 0:00:11]} Rxg4+
{[%clk 0:00:24]} 35. Kf1 {[%clk 0:00:12]} Bd3+ {[%clk 0:00:25]} 0-1

[Event "Team Championship Russia (Blitz, Men)"]
[Site "Sochi"]
[Date "2018.10.10"]
[Round "6.24"]
[White "Derjabin, Ilja"]
[Black "Gogolev, Artem"]
[Result "0-1"]
[BlackElo "2360"]
[WhiteElo "2356"]
[LiveChessVersion "1.4.8"]

1. d4 {[%clk 0:03:03]} Nf6 {[%clk 0:03:02]} 2. c4 e6 3. Nc3 {[%clk 0:03:01]} Bb4
{[%clk 0:03:02]} 4. f3 {[%clk 0:03:02]} c5 {[%clk 0:02:50]} 5. a3
{[%clk 0:03:03]} Bxc3+ {[%clk 0:02:50]} 6. bxc3 {[%clk 0:03:05]} O-O
{[%clk 0:02:46]} 7. e4 {[%clk 0:03:06]} d6 {[%clk 0:02:47]} 8. Bd3
{[%clk 0:03:06]} Nfd7 {[%clk 0:02:47]} 9. Ne2 {[%clk 0:03:07]} f5
{[%clk 0:02:43]} 10. O-O {[%clk 0:03:05]} Nc6 {[%clk 0:02:43]} 11. Be3
{[%clk 0:02:58]} b6 {[%clk 0:02:41]} 12. Qc2 {[%clk 0:02:40]} Qf6
{[%clk 0:02:39]} 13. exf5 {[%clk 0:02:36]} exf5 {[%clk 0:02:39]} 14. Nf4
{[%clk 0:02:38]} Bb7 {[%clk 0:02:31]} 15. g4 {[%clk 0:02:27]} cxd4
{[%clk 0:02:16]} 16. Nd5 {[%clk 0:02:28]} Qh4 {[%clk 0:02:04]} 17. cxd4
{[%clk 0:01:55]} fxg4 {[%clk 0:01:55]} 18. Bf2 {[%clk 0:01:41]} Qg5
{[%clk 0:01:25]} 19. Bxh7+ {[%clk 0:01:34]} Kh8 {[%clk 0:01:26]} 20. f4
{[%clk 0:01:36]} Qh6 {[%clk 0:01:15]} 21. Bd3 {[%clk 0:01:26]} Nf6
{[%clk 0:01:15]} 22. Nc7 {[%clk 0:01:14]} Rac8 {[%clk 0:00:56]} 23. Ne6
{[%clk 0:01:15]} Rfe8 {[%clk 0:00:56]} 24. Ng5 {[%clk 0:01:12]} Rf8
{[%clk 0:00:35]} 25. Rae1 {[%clk 0:01:08]} d5 {[%clk 0:00:35]} 26. Bf5
{[%clk 0:01:04]} dxc4 {[%clk 0:00:30]} 27. Bxc8 {[%clk 0:01:03]} Bxc8
{[%clk 0:00:30]} 28. Qxc4 {[%clk 0:01:04]} Bb7 {[%clk 0:00:17]} 29. Nf7+
{[%clk 0:01:05]} Rxf7 {[%clk 0:00:18]} 30. Qxf7 {[%clk 0:01:06]} Na5
{[%clk 0:00:17]} 31. Re7 {[%clk 0:00:55]} Bd5 {[%clk 0:00:18]} 32. Qf8+
{[%clk 0:00:54]} Kh7 {[%clk 0:00:18]} 33. Rfe1 {[%clk 0:00:49]} Nc4
{[%clk 0:00:18]} 34. Rxg7+ {[%clk 0:00:48]} Qxg7 {[%clk 0:00:16]} 35. Re7
{[%clk 0:00:49]} Qxe7 {[%clk 0:00:15]} 36. Qxe7+ {[%clk 0:00:50]} Kg6
{[%clk 0:00:16]} 37. Bh4 {[%clk 0:00:44]} Ne4 {[%clk 0:00:16]} 38. Qd8
{[%clk 0:00:35]} Ne3 {[%clk 0:00:16]} 39. Bf2 {[%clk 0:00:32]} Kf5
{[%clk 0:00:00]} 0-1

[Event "Team Championship Russia (Blitz, Men)"]
[Site "Sochi"]
[Date "2018.10.10"]
[Round "6.25"]
[White "Potapov, Pavel"]
[Black "Taysayev, Timur"]
[Result "1-0"]
[BlackElo "2253"]
[WhiteElo "2459"]
[LiveChessVersion "1.4.8"]

1. e4 {[%clk 0:03:03]} c5 {[%clk 0:03:03]} 2. Nf3 {[%clk 0:03:03]} d6
{[%clk 0:03:04]} 3. Nc3 {[%clk 0:03:04]} Nc6 {[%clk 0:02:59]} 4. Bb5
{[%clk 0:03:03]} Bd7 {[%clk 0:03:00]} 5. O-O {[%clk 0:03:02]} Nf6
{[%clk 0:02:56]} 6. d4 {[%clk 0:02:59]} cxd4 {[%clk 0:02:56]} 7. Nxd4
{[%clk 0:03:00]} e6 {[%clk 0:02:57]} 8. Re1 {[%clk 0:02:56]} Be7 {[%clk 0:02:57]}
9. Bg5 {[%clk 0:02:44]} O-O {[%clk 0:02:55]} 10. Nxc6 {[%clk 0:02:35]} bxc6
{[%clk 0:02:40]} 11. Bd3 {[%clk 0:02:35]} Qa5 {[%clk 0:01:51]} 12. e5
{[%clk 0:02:25]} dxe5 {[%clk 0:01:44]} 13. Bxf6 {[%clk 0:02:23]} Bxf6
{[%clk 0:01:43]} 14. Bxh7+ {[%clk 0:02:20]} Kxh7 {[%clk 0:01:43]} 15. Qxd7
{[%clk 0:02:20]} e4 {[%clk 0:01:07]} 16. Rxe4 {[%clk 0:01:33]} Rab8
{[%clk 0:00:55]} 17. Na4 {[%clk 0:00:40]} Qd5 {[%clk 0:00:41]} 18. Qxd5
{[%clk 0:00:28]} cxd5 {[%clk 0:00:42]} 19. Rf4 {[%clk 0:00:14]} Bxb2
{[%clk 0:00:33]} 20. Nxb2 {[%clk 0:00:11]} Rxb2 {[%clk 0:00:34]} 21. Ra4
{[%clk 0:00:12]} Rc8 {[%clk 0:00:28]} 22. Rxa7 {[%clk 0:00:11]} Kg6
{[%clk 0:00:27]} 23. a4 {[%clk 0:00:07]} Rcxc2 {[%clk 0:00:27]} 24. Rf1
{[%clk 0:00:07]} Ra2 {[%clk 0:00:28]} 25. a5 {[%clk 0:00:06]} d4 {[%clk 0:00:28]}
26. Rd7 {[%clk 0:00:05]} e5 {[%clk 0:00:29]} 27. Rd5 {[%clk 0:00:05]} f6
{[%clk 0:00:28]} 28. h4 {[%clk 0:00:06]} Kf5 {[%clk 0:00:26]} 29. Rb5
{[%clk 0:00:07]} g6 {[%clk 0:00:24]} 30. g3 {[%clk 0:00:08]} Kg4 {[%clk 0:00:22]}
31. Kg2 {[%clk 0:00:08]} e4 {[%clk 0:00:22]} 32. Rb6 {[%clk 0:00:08]} Kf5
{[%clk 0:00:13]} 33. Rb5+ {[%clk 0:00:09]} Kg4 {[%clk 0:00:14]} 34. Rb6
{[%clk 0:00:11]} Kf5 {[%clk 0:00:12]} 35. Rb5+ {[%clk 0:00:12]} Ke6
{[%clk 0:00:11]} 36. Rb6+ {[%clk 0:00:13]} Ke5 {[%clk 0:00:11]} 37. Rb5+
{[%clk 0:00:13]} Kd6 {[%clk 0:00:11]} 38. Rb6+ {[%clk 0:00:14]} Rc6
{[%clk 0:00:12]} 39. Rb4 {[%clk 0:00:15]} Kd5 {[%clk 0:00:13]} 40. Rd1
{[%clk 0:00:14]} d3 {[%clk 0:00:14]} 41. Rb5+ {[%clk 0:00:14]} Rc5
{[%clk 0:00:14]} 42. Rb6 {[%clk 0:00:15]} Rc6 {[%clk 0:00:16]} 43. Rb5+
{[%clk 0:00:17]} Rc5 {[%clk 0:00:15]} 44. Rb6 {[%clk 0:00:18]} Ke5
{[%clk 0:00:17]} 45. a6 {[%clk 0:00:15]} e3 {[%clk 0:00:17]} 46. Rxd3
{[%clk 0:00:15]} Rxf2+ {[%clk 0:00:15]} 47. Kh3 {[%clk 0:00:16]} Ke4
{[%clk 0:00:16]} 48. Ra3 {[%clk 0:00:16]} Rc1 {[%clk 0:00:15]} 49. Re6+
{[%clk 0:00:17]} Kf5 {[%clk 0:00:15]} 50. Ra5+ {[%clk 0:00:09]} Kxe6
{[%clk 0:00:15]} 51. a7 {[%clk 0:00:10]} f5 {[%clk 0:00:13]} 52. a8=Q
{[%clk 0:00:07]} Rcc2 {[%clk 0:00:12]} 53. Qd5+ {[%clk 0:00:06]} Kf6
{[%clk 0:00:11]} 54. Qe5+ {[%clk 0:00:07]} Kf7 {[%clk 0:00:11]} 55. Ra7+
{[%clk 0:00:08]} 1-0

[Event "Team Championship Russia (Blitz, Men)"]
[Site "Sochi"]
[Date "2018.10.10"]
[Round "6.26"]
[White "Nazaretyan, Tigran"]
[Black "Sergeyev, Alexander"]
[Result "1-0"]
[BlackElo "2277"]
[WhiteElo "2307"]
[LiveChessVersion "1.4.8"]

1. d4 {[%clk 0:03:03]} d5 {[%clk 0:03:03]} 2. c4 {[%clk 0:03:03]} c6
{[%clk 0:03:04]} 3. Nf3 {[%clk 0:03:04]} Nf6 {[%clk 0:03:06]} 4. Qc2
{[%clk 0:03:02]} g6 {[%clk 0:03:06]} 5. Bf4 {[%clk 0:03:02]} Bg7 {[%clk 0:03:06]}
6. e3 {[%clk 0:03:03]} O-O {[%clk 0:03:05]} 7. Nc3 {[%clk 0:03:03]} Bf5
{[%clk 0:03:00]} 8. Bd3 {[%clk 0:03:00]} Bxd3 {[%clk 0:02:59]} 9. Qxd3
{[%clk 0:03:00]} Na6 {[%clk 0:02:50]} 10. O-O {[%clk 0:02:55]} c5
{[%clk 0:02:46]} 11. cxd5 {[%clk 0:02:19]} Nxd5 {[%clk 0:02:42]} 12. Be5
{[%clk 0:02:18]} Nab4 {[%clk 0:02:07]} 13. Qe4 {[%clk 0:02:10]} cxd4
{[%clk 0:01:57]} 14. exd4 {[%clk 0:01:50]} Rc8 {[%clk 0:01:36]} 15. Rfc1
{[%clk 0:01:08]} Nxc3 {[%clk 0:01:19]} 16. bxc3 {[%clk 0:01:08]} Qd5
{[%clk 0:01:18]} 17. Qe2 {[%clk 0:00:54]} Nc6 {[%clk 0:00:58]} 18. c4
{[%clk 0:00:51]} Qd7 {[%clk 0:00:52]} 19. Bxg7 {[%clk 0:00:52]} Kxg7
{[%clk 0:00:54]} 20. d5 {[%clk 0:00:53]} Na5 {[%clk 0:00:35]} 21. Qe5+
{[%clk 0:00:54]} f6 {[%clk 0:00:35]} 22. Qe4 {[%clk 0:00:50]} Rfe8
{[%clk 0:00:26]} 23. Nd4 {[%clk 0:00:51]} b6 {[%clk 0:00:19]} 24. Ne6+
{[%clk 0:00:52]} Kh8 {[%clk 0:00:18]} 25. Qh4 {[%clk 0:00:51]} Qd6
{[%clk 0:00:11]} 26. Rc3 {[%clk 0:00:40]} Qe5 {[%clk 0:00:09]} 27. Rac1
{[%clk 0:00:41]} Qh5 {[%clk 0:00:08]} 28. Qd4 {[%clk 0:00:29]} Qe5
{[%clk 0:00:06]} 29. Qd2 1-0

[Event "Team Championship Russia (Blitz, Men)"]
[Site "Sochi"]
[Date "2018.10.10"]
[Round "6.27"]
[White "Belyakov, Bogdan"]
[Black "Tenikashvili, Georgij"]
[Result "1-0"]
[BlackElo "2114"]
[WhiteElo "2464"]
[LiveChessVersion "1.4.8"]

1. e4 {[%clk 0:03:03]} c6 {[%clk 0:03:03]} 2. d4 {[%clk 0:03:03]} d5
{[%clk 0:03:05]} 3. Nc3 {[%clk 0:03:04]} dxe4 {[%clk 0:03:05]} 4. Nxe4
{[%clk 0:03:05]} Bf5 {[%clk 0:03:06]} 5. Ng3 {[%clk 0:03:06]} Bg6
{[%clk 0:03:08]} 6. Bc4 {[%clk 0:03:07]} e6 {[%clk 0:03:09]} 7. N1e2
{[%clk 0:03:07]} Bd6 {[%clk 0:03:10]} 8. O-O {[%clk 0:03:08]} Qc7
{[%clk 0:03:10]} 9. a4 {[%clk 0:02:58]} Ne7 {[%clk 0:03:05]} 10. a5
{[%clk 0:02:58]} a6 {[%clk 0:03:06]} 11. c3 {[%clk 0:02:52]} O-O {[%clk 0:03:01]}
12. b4 {[%clk 0:02:51]} Nd7 {[%clk 0:02:38]} 13. Re1 {[%clk 0:02:50]} e5
{[%clk 0:02:38]} 14. Bg5 {[%clk 0:02:41]} h6 {[%clk 0:02:24]} 15. Bxe7
{[%clk 0:02:32]} Bxe7 {[%clk 0:02:25]} 16. Ba2 {[%clk 0:02:30]} Bf6
{[%clk 0:02:17]} 17. dxe5 {[%clk 0:02:24]} Nxe5 {[%clk 0:02:12]} 18. Nd4
{[%clk 0:02:23]} Rad8 {[%clk 0:01:55]} 19. Qe2 {[%clk 0:02:22]} Nd3
{[%clk 0:01:50]} 20. Red1 {[%clk 0:02:16]} Nf4 {[%clk 0:01:50]} 21. Qf3
{[%clk 0:02:00]} Rfe8 {[%clk 0:01:36]} 22. h3 {[%clk 0:01:54]} Nd5
{[%clk 0:01:28]} 23. Ngf5 {[%clk 0:01:46]} Qe5 {[%clk 0:01:05]} 24. Bxd5
{[%clk 0:01:35]} Rxd5 {[%clk 0:00:50]} 25. Ne3 {[%clk 0:01:31]} Rdd8
{[%clk 0:00:42]} 26. Ng4 {[%clk 0:01:31]} Qg5 {[%clk 0:00:31]} 27. Nxf6+
{[%clk 0:01:31]} gxf6 {[%clk 0:00:23]} 28. Re1 {[%clk 0:01:25]} Kg7
{[%clk 0:00:24]} 29. Qg3 {[%clk 0:01:17]} Qxg3 {[%clk 0:00:19]} 30. fxg3
{[%clk 0:01:18]} Kf8 {[%clk 0:00:20]} 31. Kf2 {[%clk 0:01:16]} Re5
{[%clk 0:00:22]} 32. Rad1 {[%clk 0:01:11]} Rde8 {[%clk 0:00:23]} 33. Nf3
{[%clk 0:00:58]} R5e6 {[%clk 0:00:17]} 34. g4 {[%clk 0:00:50]} R8e7
{[%clk 0:00:11]} 35. Rd8+ {[%clk 0:00:50]} Re8 {[%clk 0:00:11]} 36. Rxe8+
{[%clk 0:00:50]} Kxe8 {[%clk 0:00:13]} 37. Rd1 {[%clk 0:00:50]} Ke7
{[%clk 0:00:11]} 38. Rd2 {[%clk 0:00:51]} Be4 {[%clk 0:00:11]} 39. Nd4
{[%clk 0:00:51]} Re5 {[%clk 0:00:12]} 40. Nb3 {[%clk 0:00:51]} Bd5
{[%clk 0:00:08]} 41. Nc5 {[%clk 0:00:51]} Kf8 {[%clk 0:00:08]} 42. Nd7+
{[%clk 0:00:45]} Ke7 {[%clk 0:00:07]} 43. Nxe5 {[%clk 0:00:46]} fxe5
{[%clk 0:00:08]} 44. g3 {[%clk 0:00:47]} f6 {[%clk 0:00:09]} 45. Ke3
{[%clk 0:00:47]} Ke6 {[%clk 0:00:10]} 46. Kd3 {[%clk 0:00:48]} Ba2 47. Ke4 1-0

[Event "Team Championship Russia (Blitz, Men)"]
[Site "Sochi"]
[Date "2018.10.10"]
[Round "6.28"]
[White "Basiev, Valeriy P."]
[Black "Savitskiy, Sergey"]
[Result "0-1"]
[BlackElo "2283"]
[WhiteElo "2022"]
[LiveChessVersion "1.4.8"]

1. c4 {[%clk 0:03:03]} e5 {[%clk 0:03:04]} 2. g3 {[%clk 0:03:00]} g6
{[%clk 0:03:04]} 3. Bg2 {[%clk 0:03:01]} Bg7 {[%clk 0:03:06]} 4. Nc3
{[%clk 0:03:01]} Nc6 {[%clk 0:03:06]} 5. e3 {[%clk 0:03:02]} Nge7
{[%clk 0:03:06]} 6. Nge2 {[%clk 0:03:03]} O-O {[%clk 0:03:06]} 7. O-O
{[%clk 0:03:05]} d6 {[%clk 0:03:07]} 8. d4 {[%clk 0:03:03]} a6 {[%clk 0:03:01]}
9. d5 {[%clk 0:03:05]} Nb8 {[%clk 0:03:01]} 10. e4 {[%clk 0:03:06]} a5
{[%clk 0:03:00]} 11. f4 {[%clk 0:03:03]} exf4 {[%clk 0:02:55]} 12. gxf4
{[%clk 0:03:04]} f5 {[%clk 0:02:56]} 13. Ng3 {[%clk 0:02:42]} Na6
{[%clk 0:02:51]} 14. Be3 {[%clk 0:02:41]} fxe4 {[%clk 0:02:49]} 15. Ncxe4
{[%clk 0:02:34]} Nf5 {[%clk 0:02:49]} 16. Nxf5 {[%clk 0:02:32]} Bxf5
{[%clk 0:02:49]} 17. Bd4 {[%clk 0:02:12]} Bxe4 {[%clk 0:02:41]} 18. Bxe4
{[%clk 0:02:10]} Nc5 {[%clk 0:02:42]} 19. Bc2 {[%clk 0:01:58]} Bxd4+
{[%clk 0:02:40]} 20. Qxd4 {[%clk 0:01:59]} Qf6 {[%clk 0:02:41]} 21. Rad1
{[%clk 0:01:55]} Rae8 {[%clk 0:02:35]} 22. Rf2 {[%clk 0:01:42]} Re1+
{[%clk 0:02:20]} 23. Kg2 {[%clk 0:01:35]} Rxd1 {[%clk 0:02:21]} 24. Qxd1
{[%clk 0:01:23]} Qxb2 {[%clk 0:02:18]} 25. f5 {[%clk 0:01:06]} Qf6
{[%clk 0:02:15]} 26. Qg4 {[%clk 0:00:47]} Nd7 {[%clk 0:02:06]} 27. Rf4
{[%clk 0:00:27]} Ne5 {[%clk 0:02:06]} 28. Qe2 {[%clk 0:00:22]} g5
{[%clk 0:02:06]} 29. Re4 {[%clk 0:00:20]} b6 {[%clk 0:01:44]} 30. Re3
{[%clk 0:00:19]} Kg7 {[%clk 0:01:39]} 31. h3 {[%clk 0:00:16]} Rh8
{[%clk 0:01:33]} 32. Rg3 {[%clk 0:00:15]} Kf8 {[%clk 0:01:14]} 33. Kh2
{[%clk 0:00:09]} h5 {[%clk 0:01:13]} 34. Re3 {[%clk 0:00:09]} g4 {[%clk 0:01:13]}
35. Bd1 {[%clk 0:00:03]} Rg8 {[%clk 0:01:10]} 36. Bc2 {[%clk 0:00:03]} Rg5
{[%clk 0:00:53]} 37. Re4 {[%clk 0:00:04]} gxh3 {[%clk 0:00:49]} 38. Qe3
{[%clk 0:00:03]} Ng4+ {[%clk 0:00:46]} 39. Kh1 {[%clk 0:00:04]} Nxe3
{[%clk 0:00:46]} 40. Rxe3 {[%clk 0:00:05]} Qd4 {[%clk 0:00:45]} 41. Re1 0-1